Hướng dẫn giải các bài toán lý thuyết đàn hồi

Enregistré dans:
Détails bibliographiques
Auteur principal: V G Rekach
Format: Livre
Langue:Undetermined
Publié: Hà Nội ĐH và THCN 1979
Sujets:
Tags: Ajouter un tag
Pas de tags, Soyez le premier à ajouter un tag!
Thư viện lưu trữ: Trung tâm Học liệu Trường Đại học Cần Thơ
LEADER 00505nam a2200169Ia 4500
001 CTU_2274
008 210402s9999 xx 000 0 und d
082 |a 531.3823076 
082 |b R381 
100 |a V G Rekach 
245 0 |a Hướng dẫn giải các bài toán lý thuyết đàn hồi 
245 0 |c V G Rekach, Đào Huy Bích 
260 |a Hà Nội 
260 |b ĐH và THCN 
260 |c 1979 
650 |a elasticity 
980 |a Trung tâm Học liệu Trường Đại học Cần Thơ